A divina comédia / (Record no. 482)

MARC details
000 -LÍDER
campo de controle de tamanho fixo 01177nam a22003014a 4500
001 - NÚMERO DE CONTROLE
campo de controle 482
003 - IDENTIFICADOR DO NÚMERO DE CONTROLE
campo de controle OSt
005 - DATA E HORÁRIO DA ÚLTIMA TRANSAÇÃO
campo de controle 20250902161141.0
008 - CAMPO DE DADOS FIXOS--INFORMAÇÃO GERAL
campo de controle de tamanho fixo 250902b |||||||| |||| 00| 0 eng d
020 ## - ISBN - INTERNATIONAL STANDARD BOOK NUMBER
ISBN - International Standard Book Number 852622817X
040 ## - FONTE DA CATALOGAÇÃO
Idioma da catalogação por
041 ## - CÓDIGO DE IDIOMA
Código do idioma do original e/ou traduções intermediárias do texto por
082 04 - CDD - CLASSIFICAÇÃO DECIMAL DE DEWEY
Número de Classificação 028.5
Número do exemplar A411d
100 1# - ENTRADA PRINCIPAL--NOME PESSOAL
Nome pessoal Casas, Cecília.
9 (RLIN) 1036
245 12 - TÍTULO
Título A divina comédia /
Indicação de responsabilidade, etc. Dante Alighieri ; tradução e adaptação em português de Cecília Casas. -
260 ## - PUBLICAÇÃO, DISTRIBUIÇÃO, ETC.
Local de publicação, distribuição, etc. São Paulo :
Nome do editor, distribuidor, etc. Scipione,
Data da publicação, distribuição, etc. 1996.
300 ## - DESCRIÇÃO FÍSICA
Extensão 55p. :
Outros detalhes físicos il. ;
520 ## - NOTA DE RESUMO, ETC.
Resumo, etc. Recontado do clássico da literatura italiana, com linguagem acessível para o público jovem. Dante faz uma viagem ao mundo do além. Orientado pelo poeta Virgílio, conhece o Inferno e o Purgatório e depois, guiado por Beatriz, visita o Paraíso. Ao longo do percurso, Dante encontra vários conhecidos seus e conversa com alguns deles.<br/>
650 #0 - ASSUNTO--TERMO TÓPICO
Cabeçalho tópico ou nome geográfico Literatura italiana
9 (RLIN) 164
650 ## - ASSUNTO--TERMO TÓPICO
Cabeçalho tópico ou nome geográfico Infantojuvenil
9 (RLIN) 200
650 #0 - ASSUNTO--TERMO TÓPICO
Cabeçalho tópico ou nome geográfico Literatura Clássica
9 (RLIN) 1038
655 #0 - TERMO DE ÍNDICE--GÊNERO E FORMA
Gênero/forma/ou termo foco Romance
655 #0 - TERMO DE ÍNDICE--GÊNERO E FORMA
Gênero/forma/ou termo foco Ficção
700 0# - ENTRADA ADICIONADA - NOME PESSOAL
Nome pessoal Dante Alighieri,
Datas associadas ao nome 1265-1321
Título da publicação Divina commedia
830 ## - ENTRADA SECUNDÁRIA DE SÉRIE--TÍTULO UNIFORME
Título uniforme Reencontro
9 (RLIN) 246
942 ## - ELEMENTOS DE ENTRADA ADICIONADOS (KOHA)
Fonte de classificação ou esquema de arquivamento Classificação decimal de Dewey
Ocultar no OPAC Não
Tipo de material Koha Livros
Holdings
Situação do descarte Situação das perdas Fonte de classificação ou esquema de arquivamento Status danificado Não pode ser emprestado Coleção Biblioteca de origem Biblioteca atual Localização na estante Data de aquisição Fonte de aquisição Total de empréstimos Número de chamada completo Código de barras Data de último acesso Número do exemplar Data do preço efetivo Tipo de material Koha
    Classificação decimal de Dewey     Ficção Biblioteca Professor Eduardo Afonso de Castro Biblioteca Professor Eduardo Afonso de Castro Infanto Juvenil 02.09.2025 doação   IJ - 028.5 / A411d 2025-17415 02.09.2025 ex 1 02.09.2025 Livros
    Classificação decimal de Dewey     Ficção Biblioteca Professor Eduardo Afonso de Castro Biblioteca Professor Eduardo Afonso de Castro Infanto Juvenil 02.09.2025 doação   IJ - 028.5 / A411d 2025-17416 02.09.2025 ex 2 02.09.2025 Livros

Powered by Koha